000 00587nam a22001937a 4500
003 SISC
005 20180724133007.0
008 180724b xxu||||| |||| 00| 0 eng d
020 _a9789719807940
050 _aQA 154.2
_b.D448 2017
100 _aDe Guzman, Danilo
245 _aPrecalculus for senior high school /
_cDanilo De Guzman
260 _aQuezon City :
_bC & E Publishing,
_cc2017.
300 _avi, 221 pages :
_billustrations ;
_c27 cm.
500 _aIncludes index.
650 _2Library of Congress Subject Headings
_aPrecalculus
942 _2lcc
_cBK
999 _c358167
_d358167